Right livelihood and the common good (Kasb Tayyib wa-Maslahah 'Ammah) three classics from the Islamic tradition
Saved in:
| Other Authors: | , |
|---|---|
| Format: | Book |
| Language: | English |
| Published: |
Kuala Lumpur
IBFIM
2013
|
| Subjects: | |
| Tags: |
Add Tag
No Tags, Be the first to tag this record!
|
| Call Number : | BP 173.77 .R544 2013 |
MARC
| LEADER | 00000nam a2200000 c 4500 | ||
|---|---|---|---|
| 001 | 55691 | ||
| 003 | MY-KLNDU | ||
| 005 | 20241219015101.0 | ||
| 008 | 221104 20132013my b 001 0 eng d | ||
| 020 | |a 9789670149394 (hbk) | ||
| 039 | 9 | |a 202211041244 |b VLOAD |c 202202161043 |d rafizah |y 202011101015 |z helmey | |
| 040 | |a UPNM |b eng |c UPNM |e rda | ||
| 090 | |a BP 173.77 |b .R544 2013 | ||
| 245 | 0 | 0 | |a Right livelihood and the common good (Kasb Tayyib wa-Maslahah 'Ammah) |b three classics from the Islamic tradition |c translated with introduction & notes by Adi Setia & Nicholas Mahdi Lock |
| 264 | 1 | |a Kuala Lumpur |b IBFIM |c 2013 | |
| 264 | 4 | |c © 2013 | |
| 300 | |a xxii, 463 pages |c 22 cm | ||
| 336 | |a text |2 rdacontent | ||
| 337 | |a unmediated |2 rdamedia | ||
| 338 | |a volume |2 rdacarrier | ||
| 500 | |a Translation of: Kitab al-kasb, Kitab adab al-kasb wa-al-ma'ash of Ihya' 'ulum al-din and Fadl al-iktisab wa-ahkam al-kasb wa-adab al-ma'ishah | ||
| 504 | |a Includes bibliographical references and index | ||
| 592 | |a 00022999 |b 22/12/2020 |c RM 188.10 |h CHC Book | ||
| 650 | 0 | |a Wealth |x Religious aspects |x Islam | |
| 650 | 0 | |a Work |x Religious aspects |x Islam | |
| 650 | 0 | |a Households |x Religious aspects |x Islam | |
| 650 | 0 | |a Wealth |x Moral and ethical aspects | |
| 650 | 0 | |a Income | |
| 700 | 1 | |a Adi Setia Mohd Dom |e translator | |
| 700 | 1 | |a Lock, Nicholas Mahdi |e translator | |
| 999 | |a vtls000067359 |c 55691 |d 55691 | ||


